Werther! Johann Wolfgang Goethe

में बचाया:
ग्रंथसूची विवरण
मुख्य लेखक: Goethe, Johann Wolfgang
स्वरूप: पुस्तक
भाषा:Undetermined
प्रकाशित: Buenos Aires, Argentina Tor 1947
विषय:
टैग: टैग जोड़ें
कोई टैग नहीं, इस रिकॉर्ड को टैग करने वाले पहले व्यक्ति बनें!

MARC

LEADER 00000nam a2200000Ia 4500
008 170316s9999 xx 000 0 und d
040 |a cru BVZT 
090 |a 830 G-4w 
100 |a Goethe, Johann Wolfgang 
245 |a Werther! Johann Wolfgang Goethe 
260 |a Buenos Aires, Argentina 
260 |b Tor 
260 |c 1947 
300 |a 191 páginas 
650 |a LITERATURA ALEMANA 
999 |c 7337  |d 7337 
942 |c 15 D  |h 830 G-4w  |2 z